[Event "BL 0910 SC Remagen - H.-Handschuhsheim"]
[Site "?"]
[Date "2009.10.17"]
[Round "1.1"]
[White "Ikonnikov, Viacheslav"]
[Black "Parligras, Mircea"]
[Result "1/2-1/2"]
[WhiteElo "2558"]
[BlackElo "2547"]
[PlyCount "62"]
[EventDate "2009.??.??"]

1. d4 Nf6 2. Nf3 e6 3. c4 b6 4. a3 Bb7 5. Nc3 d5 6. Bg5 dxc4 7. e4 Be7 8. Bxf6
Bxf6 9. e5 Be7 10. Bxc4 O-O 11. d5 b5 12. Ba2 exd5 13. Bxd5 c6 14. Ba2 Na6 15.
O-O Qxd1 16. Raxd1 Rfd8 17. Ne4 c5 18. Nd6 Bxd6 19. exd6 Bxf3 20. gxf3 c4 21.
Rd5 Rab8 22. Re1 Kf8 23. Ree5 Rbc8 24. Rxb5 Rxd6 25. Rb7 Nc5 26. Rxa7 Nd3 27.
Ree7 Rf6 28. Rac7 Rxc7 29. Rxc7 Nxb2 30. Bxc4 Nxc4 31. Rxc4 Rxf3 1/2-1/2

[Event "BL 0910 SC Remagen - H.-Handschuhsheim"]
[Site "?"]
[Date "2009.10.17"]
[Round "1.2"]
[White "Degraeve, Jean-Marc"]
[Black "Ginsburg, Gennadi"]
[Result "1/2-1/2"]
[WhiteElo "2573"]
[BlackElo "2537"]
[PlyCount "69"]
[EventDate "2009.??.??"]

1. e4 c5 2. c3 Nf6 3. e5 Nd5 4. Nf3 Nc6 5. d4 cxd4 6. cxd4 d6 7. Bc4 e6 8. O-O
Be7 9. Qe2 O-O 10. Rd1 Bd7 11. Bd2 Rc8 12. Nc3 Ndb4 13. exd6 Bxd6 14. Bg5 Be7
15. d5 exd5 16. Nxd5 Bxg5 17. Nxb4 Bf6 18. Nxc6 Rxc6 19. Bb5 Re6 20. Qc2 Qc8
21. Qa4 Bxb5 22. Qxb5 Rb6 23. Qa5 Rxb2 24. Qxa7 Qa8 25. Qc5 Rxa2 26. Rxa2 Qxa2
27. h3 Qe6 28. Rb1 Qc6 29. Qf5 g6 30. Qf4 Rc8 31. g3 Kg7 32. h4 h5 33. Ng5 b5
34. Ne4 Re8 35. Nxf6 1/2-1/2

[Event "BL 0910 SC Remagen - H.-Handschuhsheim"]
[Site "?"]
[Date "2009.10.17"]
[Round "1.3"]
[White "Gurevic, Vladimir"]
[Black "Dgebuadze, Alexandre"]
[Result "1/2-1/2"]
[WhiteElo "2470"]
[BlackElo "2521"]
[PlyCount "43"]
[EventDate "2009.??.??"]

1. e4 e6 2. d4 d5 3. Nc3 Bb4 4. e5 c5 5. Bd2 Ne7 6. a3 Bxc3 7. Bxc3 Nbc6 8. Nf3
cxd4 9. Nxd4 Nxe5 10. Nxe6 Bxe6 11. Bxe5 O-O 12. Bd3 Nc6 13. Bg3 Qf6 14. Rb1
Bf5 15. O-O Qg6 16. Bxf5 Qxf5 17. Re1 Rfe8 18. Qd2 h6 19. f3 Rac8 20. Rbd1 a6
21. c3 Rcd8 22. Rxe8+ 1/2-1/2

[Event "BL 0910 SC Remagen - H.-Handschuhsheim"]
[Site "?"]
[Date "2009.10.17"]
[Round "1.4"]
[White "Mainka, Romuald"]
[Black "Chernov, Vadim"]
[Result "1/2-1/2"]
[WhiteElo "2501"]
[BlackElo "2433"]
[PlyCount "84"]
[EventDate "2009.??.??"]

1. e4 c5 2. Nf3 e6 3. d4 cxd4 4. Nxd4 Nf6 5. Nc3 Nc6 6. Ndb5 Bc5 7. Bf4 O-O 8.
Bc7 Qe7 9. Bd6 Bxd6 10. Qxd6 Ne8 11. Qxe7 Nxe7 12. O-O-O f5 13. Nd6 Nxd6 14.
Rxd6 fxe4 15. Nxe4 Nf5 16. Rd2 d5 17. Ng5 Nh4 18. g3 Nf3 19. Nxf3 Rxf3 20. Bg2
Rf7 21. Re1 Rc7 22. Bh3 Kf7 23. Rde2 Rc6 24. f4 g6 25. Re5 Kf6 26. Bf1 a6 27.
Bd3 Bd7 28. Kd2 Rac8 29. g4 Rb6 30. b3 Bb5 31. f5 exf5 32. gxf5 Bxd3 33. Kxd3
Rbc6 34. Rxd5 Rc3+ 35. Kd4 gxf5 36. Rf1 Rxc2 37. Rdxf5+ Kg6 38. Rf6+ Kg5 39.
R1f5+ Kg4 40. Rf4+ Kh5 41. R6f5+ Kg6 42. Rf6+ Kh5 1/2-1/2

[Event "BL 0910 SC Remagen - H.-Handschuhsheim"]
[Site "?"]
[Date "2009.10.17"]
[Round "1.5"]
[White "Gerigk, Erasmus"]
[Black "Teske, Henrik"]
[Result "0-1"]
[WhiteElo "2335"]
[BlackElo "2545"]
[PlyCount "74"]
[EventDate "2009.??.??"]

1. e4 Nf6 2. e5 Nd5 3. d4 d6 4. c4 Nb6 5. f4 g5 6. exd6 Qxd6 7. Nc3 Bg7 8. Be2
c5 9. Nb5 Qd8 10. dxc5 N6d7 11. fxg5 Nc6 12. Nf3 a6 13. Nc3 Qa5 14. O-O Bxc3
15. bxc3 Qxc3 16. Rb1 Nxc5 17. Qd5 Na4 18. Rb3 Qg7 19. Be3 Nc3 20. Qd3 Nxe2+
21. Qxe2 O-O 22. Kh1 Rd8 23. Bc1 e5 24. Bb2 Bg4 25. Rxb7 Rab8 26. Rxb8 Rxb8 27.
Bc3 Qxg5 28. h3 Bxf3 29. Qxf3 Qg6 30. Kh2 Rd8 31. Be1 Rd3 32. Qe2 e4 33. Qb2
Qd6+ 34. Kh1 Nd4 35. Qb7 Qe6 36. Qb8+ Kg7 37. Qf4 Rxh3+ 0-1

[Event "BL 0910 SC Remagen - H.-Handschuhsheim"]
[Site "?"]
[Date "2009.10.17"]
[Round "1.6"]
[White "Popovic, Petar"]
[Black "Schwalfenberg, Joerg"]
[Result "1-0"]
[WhiteElo "2496"]
[BlackElo "2317"]
[PlyCount "179"]
[EventDate "2009.??.??"]

1. e4 c6 2. d4 d5 3. Nd2 dxe4 4. Nxe4 Bf5 5. Ng3 Bg6 6. N1e2 e6 7. Nf4 Qc7 8.
c3 Bd6 9. Nxg6 hxg6 10. Ne4 Bf4 11. Bxf4 Qxf4 12. Qe2 Nf6 13. Nc5 Qc7 14. g3
Nbd7 15. Nd3 c5 16. Bg2 cxd4 17. cxd4 O-O 18. O-O Qb6 19. Rfd1 Qxd4 20. Bxb7
Rab8 21. Bg2 Rfc8 22. b3 g5 23. Nb2 Qe5 24. Qd2 Nb6 25. Nd3 Qb5 26. h3 Rd8 27.
Qb4 Nbd5 28. Qxb5 Rxb5 29. Rac1 Rdb8 30. Rd2 Nb4 31. Nxb4 Rxb4 32. Rc5 R4b5 33.
Rdc2 a5 34. Bf1 Rxc5 35. Rxc5 a4 36. bxa4 Rb2 37. Bd3 g6 38. Rc2 Rb4 39. a5 Ra4
40. a6 Nd5 41. Bf1 Kg7 42. Rb2 Nc3 43. Rb7 Rxa2 44. a7 Ra1 45. Kg2 Ra5 46. Bc4
Kf6 47. Kf3 Nd5 48. Bb5 Ne7 49. Bd7 Ra3+ 50. Ke2 Ke5 51. Kd2 Kd6 52. Kc2 f5 53.
Kb2 Ra5 54. Kb3 Nc6 55. Bxc6 Kxc6 56. Rg7 Kc5 57. Rxg6 Rxa7 58. Rxe6 Rf7 59.
Rg6 g4 60. Kc3 gxh3 61. Rh6 Kd5 62. Kd3 Ra7 63. Rxh3 Ra3+ 64. Ke2 Ke5 65. Rh8
Ra2+ 66. Kf3 Ra3+ 67. Kg2 Ra2 68. Rf8 Rb2 69. Ra8 Rc2 70. Ra4 Kf6 71. Ra3 Kg5
72. Kf3 Rc8 73. Rd3 Rb8 74. Rd2 Rb7 75. Kg2 Rb8 76. f3 Kf6 77. Rd6+ Ke5 78. Ra6
Kd5 79. f4 Rf8 80. Kf3 Rb8 81. Rf6 Rb3+ 82. Kg2 Rb2+ 83. Kh3 Ke4 84. Kh4 Rh2+
85. Kg5 Rg2 86. Re6+ Kf3 87. Kxf5 Rxg3 88. Ra6 Rg8 89. Ra3+ Kg2 90. Ke6 1-0

[Event "BL 0910 SC Remagen - H.-Handschuhsheim"]
[Site "?"]
[Date "2009.10.17"]
[Round "1.7"]
[White "Vatter, Hans-Joachim"]
[Black "Kipper, Jens"]
[Result "1/2-1/2"]
[WhiteElo "2321"]
[BlackElo "2393"]
[PlyCount "47"]
[EventDate "2009.??.??"]

1. e4 e6 2. d4 d5 3. Nc3 Nf6 4. e5 Nfd7 5. f4 c5 6. Nf3 Nc6 7. Be3 cxd4 8. Nxd4
Bc5 9. Qd2 O-O 10. O-O-O a6 11. Qf2 Bxd4 12. Bxd4 b5 13. Be3 Qa5 14. Kb1 b4 15.
Ne2 Qc7 16. Nd4 Nxd4 17. Bxd4 a5 18. h4 a4 19. Rh3 Ba6 20. h5 Rfc8 21. h6 g6
22. g4 Bxf1 23. Rxf1 Nc5 24. Bxc5 1/2-1/2

[Event "BL 0910 SC Remagen - H.-Handschuhsheim"]
[Site "?"]
[Date "2009.10.17"]
[Round "1.8"]
[White "Schulz, Klaus-Juergen"]
[Black "Syska, Albert"]
[Result "1-0"]
[WhiteElo "2385"]
[BlackElo "2255"]
[PlyCount "103"]
[EventDate "2009.??.??"]

1. d4 Nf6 2. Nf3 e6 3. c4 b6 4. g3 Bb7 5. Bg2 Be7 6. O-O O-O 7. Nc3 Ne4 8. Qc2
Nxc3 9. Qxc3 f5 10. b3 Bf6 11. Bb2 d6 12. Rad1 a5 13. Ne1 Bxg2 14. Nxg2 Nc6 15.
Qf3 Qd7 16. Nf4 Rae8 17. Nh5 Bd8 18. Nxg7 Kxg7 19. Qxc6 Qxc6 20. d5+ Bf6 21.
Bxf6+ Rxf6 22. dxc6 f4 23. Rd4 Ref8 24. f3 fxg3 25. hxg3 Rf5 26. Rg4+ Kf6 27.
Kf2 Rh5 28. Rd1 Ke7 29. Rdd4 Rc5 30. Rh4 h5 31. Rh1 Rff5 32. Rdh4 d5 33. Rxh5
dxc4 34. Rh7+ Kd6 35. bxc4 Rxc4 36. g4 Re5 37. R7h5 Rxc6 38. Rd1+ Rd5 39.
Rdxd5+ exd5 40. Rh6+ Kd7 41. g5 Rc2 42. g6 Ke7 43. g7 Kf7 44. Rg6 Kg8 45. f4 d4
46. Kf3 Rxa2 47. f5 Ra3+ 48. Kf4 Re3 49. f6 Re8 50. Rh6 Kf7 51. Rh8 Rg8 52. Kf5
1-0

[Event "BL 0910 Bayern München - Turm Emsdetten"]
[Site "?"]
[Date "2009.10.18"]
[Round "2.2"]
[White "Schenk, Andreas"]
[Black "Hector, Jonny"]
[Result "1/2-1/2"]
[WhiteElo "2509"]
[BlackElo "2568"]
[PlyCount "65"]
[EventDate "2009.??.??"]

1. d4 d5 2. c4 c6 3. Nf3 Nf6 4. e3 Bf5 5. Nc3 e6 6. Nh4 Be4 7. f3 Bg6 8. Qb3 b5
9. c5 a5 10. Nxb5 a4 11. Qa3 cxb5 12. Nxg6 hxg6 13. Bxb5+ Nbd7 14. Bd2 Be7 15.
Bxa4 O-O 16. Qb3 e5 17. Qc2 exd4 18. exd4 Bxc5 19. dxc5 Qe7+ 20. Kd1 Nxc5 21.
Bb4 Rfc8 22. Rc1 Qa7 23. Bxc5 Rxc5 24. Qxc5 Qxa4+ 25. Rc2 Qxa2 26. Ke2 Rb8 27.
Rd1 Rxb2 28. Rxb2 Qxb2+ 29. Kf1 g5 30. Qc8+ Kh7 31. Qf5+ Kh6 32. Rb1 Qd4 33.
Re1 1/2-1/2

[Event "BL 0910 Bayern München - Turm Emsdetten"]
[Site "?"]
[Date "2009.10.18"]
[Round "2.3"]
[White "Feygin, Michael"]
[Black "Reiss, Tibor"]
[Result "1/2-1/2"]
[WhiteElo "2546"]
[BlackElo "2414"]
[PlyCount "68"]
[EventDate "2009.??.??"]

1. e4 c5 2. Nf3 e6 3. d4 cxd4 4. Nxd4 Nf6 5. Nc3 Nc6 6. Ndb5 Bb4 7. a3 Bxc3+ 8.
Nxc3 d5 9. exd5 exd5 10. Bd3 O-O 11. O-O d4 12. Ne2 Qb6 13. h3 Rd8 14. Re1 Ne5
15. Bg5 h6 16. Bxf6 Qxf6 17. Ng3 Nxd3 18. cxd3 Bd7 19. Rc1 Rac8 20. Qd2 Bb5 21.
Ne4 Qg6 22. Rc2 Rxc2 23. Qxc2 Re8 24. Re2 Re6 25. Qd1 Kh8 26. Ng3 Rxe2 27. Nxe2
Qxd3 28. Qxd3 Bxd3 29. Nxd4 g5 30. g3 Kg7 31. f4 gxf4 32. gxf4 Kg6 33. Kf2 Kf6
34. Kf3 Kg6 1/2-1/2

[Event "BL 0910 Bayern München - Turm Emsdetten"]
[Site "?"]
[Date "2009.10.18"]
[Round "2.5"]
[White "Brandenburg, Daan"]
[Black "Meissner, Bernd"]
[Result "1-0"]
[WhiteElo "2480"]
[BlackElo "2410"]
[PlyCount "159"]
[EventDate "2009.??.??"]

1. e4 e5 2. Nf3 Nf6 3. d4 Nxe4 4. dxe5 d5 5. Nbd2 Nc5 6. Nb3 Ne6 7. Nbd4 Nxd4
8. Nxd4 Be7 9. Bd3 c5 10. Nf5 Bxf5 11. Bxf5 g6 12. Bh3 Nc6 13. O-O d4 14. f4
O-O 15. Qe2 Qd5 16. c4 dxc3 17. bxc3 Rad8 18. Bg4 Qd3 19. Qxd3 Rxd3 20. Rb1 b6
21. Bb2 f6 22. Rbd1 Rfd8 23. Rxd3 Rxd3 24. Rd1 Rxd1+ 25. Bxd1 fxe5 26. Bf3 Nd8
27. Bd5+ Kf8 28. fxe5 Bg5 29. Kf2 Ke7 30. Kf3 Ne6 31. g3 Bh6 32. h4 Bd2 33. Ke2
Bh6 34. Kd3 Bg7 35. Ke4 Bh6 36. Kd3 Bg7 37. c4 Bh6 38. Bc3 Bc1 39. a4 a5 40.
Ke4 h5 41. Bb7 Kd7 42. Kd3 Ke7 43. Bc8 Ba3 44. Be1 Bb2 45. Ke4 Nd4 46. Bd2 Nc6
47. Bg5+ Ke8 48. e6 Ne7 49. Bb7 Bc3 50. Kf3 Nf5 51. Bc6+ Kf8 52. Kg2 Be5 53.
Be4 Bd6 54. Bxf5 gxf5 55. Bd8 Ke8 56. Bxb6 Ke7 57. Bxa5 Kxe6 58. Bd2 Kd7 59.
Kf3 Kc6 60. Bf4 Bf8 61. Be5 Bh6 62. a5 Bd2 63. a6 Kb6 64. Bf4 Bc3 65. Bd6 Bd4
66. Kf4 Kxa6 67. Bc7 Kb7 68. Be5 Kb6 69. Kxf5 Bf2 70. Kg5 Ka5 71. Kxh5 Kb4 72.
g4 Kxc4 73. g5 Kd5 74. g6 Ke6 75. g7 Kf7 76. Kh6 Kg8 77. h5 Bd4 78. Bxd4 cxd4
79. Kg6 d3 80. h6 1-0

[Event "BL 0910 Bayern München - Turm Emsdetten"]
[Site "?"]
[Date "2009.10.18"]
[Round "2.6"]
[White "Meister, Peter"]
[Black "Fiebig, Thomas"]
[Result "1-0"]
[WhiteElo "2396"]
[BlackElo "2416"]
[PlyCount "71"]
[EventDate "2009.??.??"]

1. e4 e6 2. d3 d5 3. Nd2 Nf6 4. Ngf3 Bc5 5. e5 Nfd7 6. d4 Be7 7. Bd3 c5 8. c3
Nc6 9. O-O a5 10. Re1 cxd4 11. cxd4 g5 12. h3 h5 13. Nf1 g4 14. hxg4 hxg4 15.
N3h2 Qb6 16. Be3 Bb4 17. Qxg4 Bxe1 18. Qg7 Rxh2 19. Qg8+ Nf8 20. Nxh2 Bb4 21.
Ng4 Bd7 22. Bg5 Qxd4 23. Nf6+ Kd8 24. Nxd5+ Kc8 25. Nxb4 Qxb4 26. a3 Qxb2 27.
Qxf8+ Kc7 28. Qd6+ Kc8 29. Rb1 Qxe5 30. Qf8+ Kc7 31. Qxa8 Qxg5 32. Qxb7+ Kd8
33. Rd1 Ne5 34. Bb5 Nf3+ 35. Qxf3 Qxb5 36. Qxf7 1-0

[Event "BL 0910 Bayern München - Turm Emsdetten"]
[Site "?"]
[Date "2009.10.18"]
[Round "2.7"]
[White "Pruijssers, Roeland"]
[Black "Reich, Thomas"]
[Result "1/2-1/2"]
[WhiteElo "2415"]
[BlackElo "2368"]
[PlyCount "41"]
[EventDate "2009.??.??"]

1. e4 c5 2. Nf3 g6 3. d4 cxd4 4. Nxd4 Bg7 5. Nc3 Nc6 6. Be3 Nf6 7. Bc4 O-O 8.
Bb3 a5 9. O-O Nxd4 10. Bxd4 d6 11. a4 Bd7 12. Re1 Bc6 13. e5 dxe5 14. Bxe5 Qb6
15. Bd4 Qc7 16. Qe2 Rfd8 17. Qc4 e6 18. Nb5 Qf4 19. Bb6 Qg5 20. Qf1 Rd7 21.
Rad1 1/2-1/2

[Event "BL 0910 Erfurter SK - SV Wattenscheid"]
[Site "?"]
[Date "2009.10.18"]
[Round "2.2"]
[White "Michiels, Bart"]
[Black "Macieja, Bartlomiej"]
[Result "1/2-1/2"]
[WhiteElo "2462"]
[BlackElo "2618"]
[PlyCount "60"]
[EventDate "2009.??.??"]

1. e4 c6 2. d4 d5 3. Nc3 dxe4 4. Nxe4 Bf5 5. Ng3 Bg6 6. Nh3 Nf6 7. Nf4 e5 8.
Nxg6 hxg6 9. dxe5 Qa5+ 10. Bd2 Qxe5+ 11. Qe2 Nbd7 12. Qxe5+ Nxe5 13. f4 Ned7
14. O-O-O Bd6 15. Re1+ Kf8 16. Ne4 Nxe4 17. Rxe4 Nf6 18. Rd4 Bc5 19. Rc4 Bb6
20. Be2 Nd5 21. Bf3 Rd8 22. Re4 f5 23. Re2 Kf7 24. g3 Rde8 25. Rhe1 Rxe2 26.
Rxe2 Bg1 27. h4 Nf6 28. Bb4 Re8 29. Rxe8 Kxe8 30. Be1 Kf7 1/2-1/2

[Event "BL 0910 Erfurter SK - SV Wattenscheid"]
[Site "?"]
[Date "2009.10.18"]
[Round "2.3"]
[White "Bartel, Mateusz"]
[Black "Casper, Thomas"]
[Result "1-0"]
[WhiteElo "2609"]
[BlackElo "2395"]
[PlyCount "99"]
[EventDate "2009.??.??"]

1. d4 Nf6 2. c4 d6 3. Nc3 Nbd7 4. e4 e5 5. Nf3 g6 6. Be3 Bg7 7. d5 Nc5 8. Qc2
Ng4 9. Bg5 f6 10. Bh4 a5 11. h3 Nh6 12. Nd2 Nf7 13. f3 Bh6 14. Bf2 f5 15. Bd3
Bd7 16. h4 Qf6 17. O-O-O f4 18. Nb5 Rc8 19. Qc3 Nxd3+ 20. Qxd3 b6 21. a3 O-O
22. b4 axb4 23. axb4 Kh8 24. Kb2 Bg7 25. Ra1 h5 26. Ra7 Qd8 27. Nb3 Bxb5 28.
cxb5 Bf6 29. Rc1 Bxh4 30. Bg1 Kg8 31. Rc6 Be1 32. Nd2 Qh4 33. Qe2 g5 34. Rcxc7
Rxc7 35. Rxc7 g4 36. Bxb6 Bxd2 37. Qxd2 gxf3 38. gxf3 Ng5 39. Rc3 Qh1 40. Qf2
Ra8 41. Ba7 Nh3 42. Qb6 Qg2+ 43. Rc2 Qxf3 44. Qxd6 Qxe4 45. Qc5 f3 46. b6 Nf4
47. b7 Rb8 48. Qc8+ Kh7 49. Qc7+ Kh6 50. Qd6+ 1-0

[Event "BL 0910 Erfurter SK - SV Wattenscheid"]
[Site "?"]
[Date "2009.10.18"]
[Round "2.4"]
[White "Enders, Peter"]
[Black "Czarnota, Pawel"]
[Result "1/2-1/2"]
[WhiteElo "2467"]
[BlackElo "2537"]
[PlyCount "49"]
[EventDate "2009.??.??"]

1. e4 c5 2. Nf3 d6 3. d4 cxd4 4. Nxd4 Nf6 5. Nc3 Nc6 6. Bc4 e6 7. Be3 Be7 8.
Bb3 O-O 9. f4 Nxd4 10. Bxd4 e5 11. Bf2 exf4 12. h3 Nd7 13. Qd2 Nc5 14. Qxf4 Bf6
15. O-O Be5 16. Qe3 Be6 17. Bg3 Bxc3 18. bxc3 Re8 19. Qf3 Bxb3 20. axb3 Qe7 21.
Rfe1 Nxe4 22. Bxd6 Qxd6 23. Rxe4 Rxe4 24. Qxe4 Qc7 25. c4 1/2-1/2

[Event "BL 0910 Erfurter SK - SV Wattenscheid"]
[Site "?"]
[Date "2009.10.18"]
[Round "2.6"]
[White "Voekler, Bernd"]
[Black "Appel, Ralf"]
[Result "1/2-1/2"]
[WhiteElo "2393"]
[BlackElo "2551"]
[PlyCount "106"]
[EventDate "2009.??.??"]

1. e4 g6 2. d4 Bg7 3. Nc3 c6 4. Be3 Nf6 5. f3 Qb6 6. Qd2 Qxb2 7. Rb1 Qa3 8. Bc4
d5 9. exd5 O-O 10. Nge2 b5 11. Bb3 a6 12. Bh6 Rd8 13. Bxg7 Kxg7 14. dxc6 Nxc6
15. Ne4 Qa5 16. c3 b4 17. Nxf6 bxc3 18. Qxc3 Kxf6 19. d5+ Qxc3+ 20. Nxc3 Nd4
21. Kf2 Bf5 22. Rbc1 Rab8 23. g4 Bc8 24. Ne4+ Kg7 25. Rhd1 Nxb3 26. axb3 Rxb3
27. Rc7 Kf8 28. d6 exd6 29. Ng5 Rb7 30. Rdc1 Rxc7 31. Rxc7 Bd7 32. Nxh7+ Ke7
33. Ng5 f6 34. Ne4 d5 35. Nc3 d4 36. Ne4 f5 37. gxf5 gxf5 38. Ng5 Rb8 39. Ra7
Rb2+ 40. Ke1 Ra2 41. h4 d3 42. f4 Kd8 43. Nf7+ Ke8 44. Nd6+ Ke7 45. Nf7 d2+ 46.
Kd1 Kxf7 47. Rxd7+ Ke6 48. Rd8 Ra4 49. Kxd2 Rxf4 50. h5 a5 51. h6 Rh4 52. Ra8
a4 53. h7 Rxh7 1/2-1/2

[Event "BL 0910 Erfurter SK - SV Wattenscheid"]
[Site "?"]
[Date "2009.10.18"]
[Round "2.7"]
[White "Holzke, Frank Dr"]
[Black "Schoene, Maria"]
[Result "1-0"]
[WhiteElo "2526"]
[BlackElo "2274"]
[PlyCount "63"]
[EventDate "2009.??.??"]

1. d4 Nf6 2. Nf3 g6 3. c4 Bg7 4. Nc3 O-O 5. e4 d6 6. Be2 e5 7. Be3 Ng4 8. Bg5
f6 9. Bh4 Nc6 10. dxe5 Ngxe5 11. O-O Be6 12. Nd5 Qd7 13. Qd2 Rae8 14. Rfe1 Qf7
15. Rac1 Nxf3+ 16. Bxf3 Ne5 17. Be2 c6 18. Ne3 Bh6 19. b3 Ng4 20. Bxg4 Bxg4 21.
Qd4 Bc8 22. Rcd1 f5 23. exf5 Bxe3 24. Rxe3 Bxf5 25. Qxa7 Rxe3 26. Qxe3 d5 27.
cxd5 cxd5 28. f3 Ra8 29. Qd2 d4 30. Qxd4 Rxa2 31. Be1 Qg7 32. Qc4+ 1-0

[Event "BL 0910 Erfurter SK - SV Wattenscheid"]
[Site "?"]
[Date "2009.10.18"]
[Round "2.8"]
[White "Schuetze, Norman"]
[Black "Handke, Florian"]
[Result "0-1"]
[WhiteElo "2278"]
[BlackElo "2513"]
[PlyCount "80"]
[EventDate "2009.??.??"]

1. e4 c5 2. Nf3 e6 3. d4 cxd4 4. Nxd4 a6 5. Nc3 Qc7 6. Bd3 Bc5 7. Nb3 Be7 8.
Qe2 d6 9. Bd2 Nf6 10. f4 b5 11. a3 Nc6 12. g4 b4 13. axb4 Nxb4 14. g5 Nd7 15.
Nb5 Nxd3+ 16. Qxd3 Qb7 17. Na3 O-O 18. Nc4 f5 19. O-O-O fxe4 20. Qh3 Nb6 21.
Qc3 Nxc4 22. Qxc4 d5 23. Qd4 Bd6 24. Rhf1 Bd7 25. Nc5 Bxc5 26. Qxc5 Rac8 27.
Qd4 Rc4 28. Qe5 d4 29. g6 hxg6 30. f5 Rb8 31. b4 e3 32. Bxe3 dxe3 33. Rxd7 Qxd7
34. Qxb8+ Rc8 35. Qe5 Qd2+ 36. Kb1 Qxc2+ 37. Ka1 Qa4+ 38. Kb1 Qxb4+ 39. Ka1
Qa3+ 40. Kb1 Qd3+ 0-1

[Event "BL 0910 Schachfr. Berlin - Werder Breme"]
[Site "?"]
[Date "2009.10.18"]
[Round "2.2"]
[White "Polzin, Rainer"]
[Black "Efimenko, Zahar"]
[Result "0-1"]
[WhiteElo "2491"]
[BlackElo "2654"]
[PlyCount "60"]
[EventDate "2009.??.??"]

1. e4 e5 2. Nf3 Nc6 3. Bb5 a6 4. Ba4 Nf6 5. O-O Be7 6. Qe2 b5 7. Bb3 O-O 8. c3
d5 9. d3 Bb7 10. Nbd2 Re8 11. Re1 Qd7 12. exd5 Nxd5 13. Ne4 h6 14. Bd2 Rad8 15.
Rad1 Qg4 16. h3 Qg6 17. a3 Kh8 18. Qf1 f5 19. Ng3 Bf6 20. h4 f4 21. Ne4 Bc8 22.
Bc2 Bg4 23. Qe2 Nde7 24. d4 exd4 25. Bxf4 Nf5 26. Bxc7 Rc8 27. Bb6 dxc3 28. Qd3
Ne5 29. Nxe5 Bxe5 30. f3 Qxb6+ 0-1

[Event "BL 0910 Schachfr. Berlin - Werder Breme"]
[Site "?"]
[Date "2009.10.18"]
[Round "2.3"]
[White "Fressinet, Laurent"]
[Black "Kraemer, Martin"]
[Result "1/2-1/2"]
[WhiteElo "2658"]
[BlackElo "2482"]
[PlyCount "153"]
[EventDate "2009.??.??"]

1. d4 Nf6 2. Nf3 e6 3. c4 b6 4. g3 Bb7 5. Bg2 Be7 6. Nc3 Ne4 7. Bd2 O-O 8. d5
Nxd2 9. Qxd2 d6 10. Nd4 Bf6 11. e4 c5 12. Nde2 exd5 13. Nxd5 Nc6 14. O-O g6 15.
Rad1 Bd4 16. Kh1 Ba6 17. b3 b5 18. Nxd4 Nxd4 19. cxb5 Bxb5 20. Rfe1 Bc6 21. Nb4
Bb7 22. Nc2 Nxc2 23. Qxc2 Qe7 24. Re3 Rfe8 25. Qc3 Rab8 26. h4 Ba8 27. Qd2 Qf6
28. Kg1 Re6 29. Rd3 Rd8 30. f3 Qe7 31. Bh3 Rf6 32. Qg5 Re8 33. h5 h6 34. Qd2
Qe5 35. Bg2 Qxh5 36. Rxd6 Rxd6 37. Qxd6 Qg5 38. Kf2 Kg7 39. Rd2 h5 40. f4 Qe7
41. Qxe7 Rxe7 42. e5 Bxg2 43. Kxg2 a5 44. Rd5 a4 45. Rxc5 axb3 46. axb3 Rb7 47.
Rc3 f6 48. exf6+ Kxf6 49. Kf3 Kf5 50. Ke3 Kg4 51. Kd2 g5 52. fxg5 Kxg5 53. Re3
Rb8 54. Kc3 Rc8+ 55. Kb2 Rb8 56. Re4 Rf8 57. Re3 Rb8 58. Kc3 Rc8+ 59. Kd4 Rb8
60. Kc5 Rc8+ 61. Kd5 Rb8 62. Kc4 Rc8+ 63. Kd3 Rb8 64. Ke2 Rb7 65. Rd3 Rb8 66.
Kd2 Kg4 67. Ke1 Rb7 68. Kf2 Kg5 69. Kf3 Rb8 70. Rc3 Rf8+ 71. Ke4 Rb8 72. Kd3
Kg4 73. Kd4 Kh3 74. Ke5 Rb4 75. Kd6 Rb6+ 76. Kc5 Rg6 77. b4 1/2-1/2

[Event "BL 0910 Schachfr. Berlin - Werder Breme"]
[Site "?"]
[Date "2009.10.18"]
[Round "2.4"]
[White "Schneider, Ilja"]
[Black "Nyback, Tomi"]
[Result "1/2-1/2"]
[WhiteElo "2500"]
[BlackElo "2615"]
[PlyCount "71"]
[EventDate "2009.??.??"]

1. e4 e5 2. Nf3 Nc6 3. Nc3 Nf6 4. d4 exd4 5. Nxd4 Bb4 6. Nxc6 bxc6 7. Bd3 d5 8.
exd5 cxd5 9. O-O O-O 10. Bg5 c6 11. Qf3 Be7 12. h3 h6 13. Bf4 Bd6 14. Rfe1 Rb8
15. Na4 Rb4 16. Bxd6 Qxd6 17. b3 c5 18. c3 Rb7 19. c4 Be6 20. Rad1 Re7 21. cxd5
Bxd5 22. Rxe7 Qxe7 23. Qe3 Qxe3 24. fxe3 Rc8 25. Rc1 Nd7 26. Bb5 Bc6 27. Ba6
Rc7 28. Nxc5 Bxg2 29. Kxg2 Rxc5 30. Rxc5 Nxc5 31. Bc4 Ne4 32. b4 Kf8 33. a4 Ke7
34. a5 Nd6 35. Bd3 Ke6 36. Kf3 1/2-1/2

[Event "BL 0910 Schachfr. Berlin - Werder Breme"]
[Site "?"]
[Date "2009.10.18"]
[Round "2.5"]
[White "Hracek, Zbynek"]
[Black "Berndt, Stephan"]
[Result "1/2-1/2"]
[WhiteElo "2606"]
[BlackElo "2442"]
[PlyCount "67"]
[EventDate "2009.??.??"]

1. e4 c5 2. Nf3 d6 3. d4 cxd4 4. Nxd4 Nf6 5. Nc3 g6 6. Be2 Bg7 7. O-O O-O 8.
Be3 Nc6 9. Qd2 Bd7 10. Rfd1 Ng4 11. Bxg4 Bxg4 12. f3 Be6 13. Nce2 Bc4 14. Ng3
Nxd4 15. Bxd4 Bxd4+ 16. Qxd4 b5 17. a4 Qc7 18. b3 Be6 19. Rd2 a6 20. Nf1 Rfc8
21. Ne3 Qc5 22. f4 f6 23. Qxc5 Rxc5 24. axb5 Rxb5 25. Rd4 Rc5 26. Kf2 Kf7 27.
Rb4 Ra7 28. Rb6 Bc8 29. c4 Bb7 30. Nd5 f5 31. Nc3 Bxe4 32. Nxe4 fxe4 33. Ke3 d5
34. cxd5 1/2-1/2

[Event "BL 0910 Schachfr. Berlin - Werder Breme"]
[Site "?"]
[Date "2009.10.18"]
[Round "2.6"]
[White "Agopov, Mikail"]
[Black "Babula, Vlastimil"]
[Result "1/2-1/2"]
[WhiteElo "2452"]
[BlackElo "2569"]
[PlyCount "62"]
[EventDate "2009.??.??"]

1. e4 c5 2. Nf3 d6 3. d4 cxd4 4. Nxd4 Nf6 5. Nc3 a6 6. h3 g6 7. Be3 Bg7 8. Qd2
Nc6 9. O-O-O O-O 10. g4 Bd7 11. Be2 Rc8 12. g5 Ne8 13. h4 Qa5 14. Kb1 Nc7 15.
Nb3 Bxc3 16. bxc3 Qa4 17. h5 Ne5 18. f4 Ng4 19. Bd4 Nb5 20. Qe1 Na3+ 21. Kb2
Nc4+ 22. Bxc4 Qxc4 23. Qh4 e5 24. fxe5 dxe5 25. hxg6 h6 26. g7 Rfe8 27. gxh6
Kh7 28. Bc5 Rxc5 29. Rxd7 Qxc3+ 30. Kb1 Qxc2+ 31. Ka1 Qc3+ 1/2-1/2

[Event "BL 0910 Schachfr. Berlin - Werder Breme"]
[Site "?"]
[Date "2009.10.18"]
[Round "2.7"]
[White "Llaneza Vega, Marcos"]
[Black "Thiede, Lars"]
[Result "1/2-1/2"]
[WhiteElo "2504"]
[BlackElo "2450"]
[PlyCount "80"]
[EventDate "2009.??.??"]

1. e4 g6 2. d4 Bg7 3. Nc3 d6 4. Be3 a6 5. g4 b5 6. Bg2 Bb7 7. h4 h6 8. Nge2 Nf6
9. Nf4 Qc8 10. Bf3 Nbd7 11. g5 hxg5 12. hxg5 Rxh1+ 13. Bxh1 Nh7 14. Qg4 c5 15.
Qh4 Nhf8 16. dxc5 Nxc5 17. Nfd5 Bxd5 18. Nxd5 Na4 19. Nf6+ Bxf6 20. gxf6 e5 21.
Qh8 Nxb2 22. Bh6 Kd7 23. Bxf8 Qxf8 24. Qh3+ Kc6 25. Qc3+ Nc4 26. a4 Qh8 27. Bg2
Rb8 28. Bf1 Qxf6 29. axb5+ axb5 30. Bxc4 bxc4 31. Ra7 Rb1+ 32. Ke2 Qe6 33. f3
Rb7 34. Ra8 f5 35. Qa5 fxe4 36. Qa4+ Kc7 37. Qa5+ Kc6 38. Qa4+ Kc7 39. Qa5+ Kc6
40. Qa6+ Kd5 1/2-1/2

[Event "BL 0910 Schachfr. Berlin - Werder Breme"]
[Site "?"]
[Date "2009.10.18"]
[Round "2.8"]
[White "Abel, Dennes"]
[Black "Skripchenko, Almira"]
[Result "1/2-1/2"]
[WhiteElo "2380"]
[BlackElo "2448"]
[PlyCount "40"]
[EventDate "2009.??.??"]

1. d4 d5 2. c4 dxc4 3. e3 e5 4. Bxc4 exd4 5. exd4 Nf6 6. Nf3 Bd6 7. O-O O-O 8.
Ne5 Nbd7 9. Bf4 Nb6 10. Bb3 c6 11. Nc3 Nbd5 12. Nxd5 Nxd5 13. Bxd5 cxd5 14. Qb3
Bc7 15. Qg3 Bf5 16. Ng6 Bxg6 17. Bxc7 Qd7 18. Qd6 Qxd6 19. Bxd6 Rfd8 20. Bf4
Rac8 1/2-1/2

[Event "BL 0910 SK König Tegel - Hamburger SK"]
[Site "?"]
[Date "2009.10.18"]
[Round "2.1"]
[White "Ghaem Maghami, Ehsan"]
[Black "Rabiega, Robert"]
[Result "1/2-1/2"]
[WhiteElo "2579"]
[BlackElo "2531"]
[PlyCount "68"]
[EventDate "2009.??.??"]

1. c4 e6 2. Nc3 d5 3. d4 Nf6 4. Bg5 Nbd7 5. e3 c6 6. cxd5 exd5 7. Bd3 Be7 8.
Nge2 Nh5 9. Bxe7 Qxe7 10. g4 Nhf6 11. Ng3 g6 12. h3 Nb6 13. Qe2 Bd7 14. O-O-O
O-O-O 15. Kb1 Kb8 16. f3 Rhe8 17. Qh2 Ka8 18. e4 c5 19. g5 Ng8 20. dxc5 Qxc5
21. exd5 Nxd5 22. Nxd5 Qxd5 23. Bxg6 Qxf3 24. Bc2 Be6 25. Rhe1 h6 26. Ne4 Bf5
27. Nd6 Rxe1 28. Rxe1 Bxc2+ 29. Qxc2 a6 30. Qe4 Qxe4+ 31. Nxe4 Re8 32. Rd1 Rxe4
33. Rd8+ Ka7 34. Rxg8 Rh4 1/2-1/2